Nehru and Azadon 1857 (Record no. 6969)
[ view plain ]
| 000 -LEADER | |
|---|---|
| fixed length control field | 00217nam a22000857a 4500 |
| 008 - FIXED-LENGTH DATA ELEMENTS--GENERAL INFORMATION | |
| fixed length control field | 170620b xxu||||| |||| 00| 0 eng d |
| 100 ## - MAIN ENTRY--PERSONAL NAME | |
| 9 (RLIN) | 3583 |
| Personal name | National Book |
| 245 ## - TITLE STATEMENT | |
| Title | Nehru and Azadon 1857 |
| 260 ## - PUBLICATION, DISTRIBUTION, ETC. (IMPRINT) | |
| Place of publication, distribution, etc. | New Delhi |
| Name of publisher, distributor, etc. | NBT |
| Date of publication, distribution, etc. | 2008 |
| Withdrawn status | Lost status | Source of classification or shelving scheme | Damaged status | Koha normalized classification for sorting | Not for loan | Home library | Current library | Shelving location | Date acquired | Total Checkouts | Full call number | Barcode | Date last seen | Price effective from | Koha item type |
|---|---|---|---|---|---|---|---|---|---|---|---|---|---|---|---|
| Dewey Decimal Classification | 920_000000000000000 | Good Samaritan School Library | Good Samaritan School Library | History | 06/20/2017 | 920 | NAT11338 | 06/20/2017 | 06/20/2017 | BOOK | |||||
| Dewey Decimal Classification | 920_000000000000000 | Good Samaritan School Library | Good Samaritan School Library | History | 06/20/2017 | 920 | NAT11339 | 06/20/2017 | 06/20/2017 | BOOK | |||||
| Dewey Decimal Classification | 920_000000000000000 | Good Samaritan School Library | Good Samaritan School Library | History | 06/20/2017 | 920 | NAT11340 | 06/20/2017 | 06/20/2017 | BOOK |